Political Groups in the Hungarian National Assembly - Statistics

General Stats
  • This quiz has been taken 15 times
  • The average score is 11 of 15
Answer Stats
Answer % Correct
Jobbik
100%
DK
93%
Fidesz
93%
Momentum
93%
MSZP
93%
LMP
86%
Mi Hazánk
86%
Párbeszéd
86%
SZDSZ
86%
MDF
79%
KDNP
71%
MIÉP
64%
FKgP
50%
Néppárt-MDNP
21%
EKgP
0%
No matching quizzes found
Score Distribution
Percent of People with Each Score
Percentile by Number Answered
Your Score History
You have not taken this quiz